Top 50 Michael Jackson Songs - Statistics

General Stats
  • This quiz has been taken 718 times
  • The average score is 23 of 50
Answer Stats
# Song Album % Correct
21 Thriller Thriller
95%
13 Bad Bad
94%
1 Billie Jean Thriller
93%
8 Beat It Thriller
87%
11 ABC ABC
83%
6 Smooth Criminal Bad
78%
9 Black or White Dangerous
76%
22 Off the Wall Off the Wall
74%
26 Dirty Diana Bad
72%
10 Rock With You Off the Wall
72%
24 Dangerous Dangerous
70%
12 Man in the Mirror Bad
70%
28 Ben Ben
67%
18 P.Y.T. (Pretty Young Thing) Thriller
60%
20 The Way You Make Me Feel Bad
60%
7 Wanna Be Startin' Somethin' Thriller
57%
16 Human Nature Thriller
56%
15 Remember the Time Dangerous
56%
2 I Want You Back Diana Ross Presents the Jackson 5
55%
35 We Are the World USA for Africa
54%
48 Blood on the Dance Floor Blood on the Dance Floor: HIStory in the Mix
53%
3 Don't Stop 'Til You Get Enough Off the Wall
53%
25 The Girl Is Mine Thriller
50%
38 Leave Me Alone Bad
46%
44 Scream HIStory: Past, Present and Future
45%
42 Jam Dangerous
44%
30 Got to Be There Got to Be There
43%
46 In the Closet Dangerous
41%
19 She's Out of My Life Off the Wall
38%
4 I'll Be There Third Album
37%
39 Blame It On the Boogie Destiny
36%
14 Workin' Day and Night Off the Wall
35%
43 Dancing Machine Dancing Machine
34%
47 Will You Be There Dangerous
31%
36 Say Say Say Pipes of Peace
28%
29 Butterflies Invincible
26%
40 Can You Feel It Triumph
25%
27 Burn This Disco Out Off the Wall
23%
5 Shake Your Body (Down to the Ground) Destiny
23%
33 Get on the Floor Off the Wall
22%
17 The Love You Save ABC
22%
41 Farewell My Summer Love Farewell My Summer Love
20%
49 Who's Lovin' You Diana Ross Presents the Jackson 5
19%
31 Morphine Blood on the Dance Floor: HIStory in the Mix
17%
23 Never Can Say Goodbye Maybe Tomorrow
14%
50 This Place Hotel Triumph
14%
45 State of Shock Victory
13%
34 Enjoy Yourself The Jacksons
11%
32 Mama's Pearl Third Album
10%
37 Goin' Back to Indiana Third Album
8%
No matching quizzes found
Score Distribution
Percent of People with Each Score
Percentile by Number Answered
Your Score History
You have not taken this quiz